Falco Discography Quiz - Statistics

General Stats
  • This quiz has been taken 16 times
  • The average score is 6 of 10
Answers on the Grid
Answers color-coded by a green-red scale on the quiz's grid according to % correct below.
Einzelhaft
Herzeleid
Junge Roemer
Mutter
Falco 3
Falco 4
Emotional
Reise, Reise
Wiener Blut
Zeit
Nachtflug
Retrospektive
Out of the Dark (Into the Light)
Amerika
Verdammt wir leben noch
Rock me Amadeus
Symphonic
Der Komissar
The Spirit Never Dies
Salzburger Blut
 
Answer Stats
Answer % Correct
Wiener Blut
100%
Nachtflug
75%
Einzelhaft
50%
Emotional
50%
Falco 3
50%
Junge Roemer
50%
Out of the Dark (Into the Light)
50%
The Spirit Never Dies
50%
Verdammt wir leben noch
50%
Symphonic
25%
No matching quizzes found
Score Distribution
Percent of People with Each Score
Percentile by Number Answered
Your Score History
You have not taken this quiz